| 000 | 01290cam a2200205 4500 | ||
|---|---|---|---|
| 001 | X122994 | ||
| 008 | 030714n2001 000 0 eng u | ||
| 035 | _a(Sirsi) u122994 | ||
| 100 | _aRedler, A. | ||
| 245 | _aDo you need to prevent your neighbours getting a right to light? | ||
| 260 | _c2001 | ||
| 490 |
_aRICS Building Surveying Faculty Feature _v22 October 2001 (2) |
||
| 520 | _aFeature by the Chairman of the RICS Boundaries and Party Walls Working Group discussing the legal remedies available to property owners and building owners to prevent neighbours from acquiring a right to light. A Notice of Notional Obstruction under the Rights of Light Act 1959 can be served on all owners of neighbouring properties. The Notice is served through the local authority and is registered as a land charge. The Notice needs to identify the site and the neighbouring property and usually states that it relates to a notional screen of unlimited height on the boundaries of the site. View at www.rics.org/bs. | ||
| 650 | _aNOTICES OF NOTIONAL OBSTRUCTION | ||
| 650 | _aRIGHTS OF LIGHT ACT 1959 | ||
| 650 | _aRIGHTS TO LIGHT | ||
| 690 |
_aBoundary disputes _96221 |
||
| 856 |
_uhttps://www.rics.org/RICSWEB/getpage.aspx?p=8dtnCTURsUmFzEdAOkqCpQ _zView the related article |
||
| 942 | _n0 | ||
| 999 |
_c73033 _d73033 |
||